Little Big Things in Operational Excellence/ (Record no. 190014)

MARC details
000 -LEADER
fixed length control field 00586nam a22001817a 4500
005 - DATE AND TIME OF LATEST TRANSACTION
control field 20220715154703.0
010 ## - LCCN (DPL NO)
LC control number ENG-133607
020 ## - INTERNATIONAL STANDARD BOOK NUMBER
International Standard Book Number 9789384790065
Terms of availability 550.00
035 ## - SYSTEM CONTROL NUMBER
System control number EN-117139
037 ## - SOURCE OF ACQUISITION
Source of stock number/acquisition DBAD/PUB
082 ## - DEWEY DECIMAL CLASSIFICATION NUMBER
Classification number 658.4
100 ## - MAIN ENTRY--PERSONAL NAME
Personal name Sarkar, Debashis
245 ## - TITLE STATEMENT
Title Little Big Things in Operational Excellence/
Statement of responsibility, etc Debashis Sarkar
260 ## - PUBLICATION, DISTRIBUTION, ETC. (IMPRINT)
Place of publication, distribution, etc New Delhi
Name of publisher, distributor, etc Sage Publications India Pvt. Ltd
Date of publication, distribution, etc 2021
270 ## - ADDRESS
Address B-1/I-I Mohan Cooperative Industrial Area Mathura Road,
City New Delhi
Postal code 110044
300 ## - PHYSICAL DESCRIPTION
Extent x, 304p.
Dimensions 22cm(pbk)
942 ## - ADDED ENTRY ELEMENTS (KOHA)
Source of classification or shelving scheme Dewey Decimal Classification
Item type English Books
Classification part 658.4
Call number suffix SAR
Holdings
Withdrawn status Lost status Not for loan Collection code Home library Current library Date acquired Source of acquisition Cost, normal purchase price Full call number Barcode Copy number Cost, replacement price Koha item type
      Non-fiction Bawana Bawana 15/07/2022 DBAD/PUB 550.00 658.4 SAR EN-117139 1 550.00 English Books
        Bawana Bawana 08/08/2022     658.4 SAR       English Books
        Bawana Bawana 08/08/2022     658.4 SAR       English Books
        D.B.Act.Division D.B.Act.Division 08/08/2022     658.4 SAR       English Books

© Delhi Public Library
Hit Counter
free hit counter